What taylor swift isn't in the album - Statistics

General Stats
  • This quiz has been taken 31 times
  • The average score is 10 of 11
Answer Stats
Question Answer % Correct
Midnights Betty
100%
Folklore Happiness
100%
Speak now Lavender haze
100%
Evermore Stay beautiful
100%
The tortured poets department You belong with me
100%
Reputation Bad blood
94%
Red Cornelia street
94%
1989 Gorgeous
94%
Lover So high school
94%
Fearless Never grow up
88%
Debut State of grace
76%
No matching quizzes found
Score Distribution
Percent of People with Each Score
Percentile by Number Answered
Your Score History
You have not taken this quiz